000 00329nam a22001457a 4500
008 221109b ||||| |||| 00| 0 eng d
020 _a9780716769064
041 _aeng
080 _2SIXTH EDITION
_a159.9
082 _a159.9 COM
100 _a25
101 _aPSI
245 _aABNORMAL PSYCHOLOGY
_cCOMER R
942 _2udc
_cBK
999 _c58832
_d58832